000 00415nam a2200157Ia 4500
008 210716s2006 xx 000 0 und d
020 _a9781852339838
041 _aeng
082 _a621.3822 GUDW
100 _aGu, D W; Petkov, P Hr; Konstantinov, M M.
245 _aRobust control design with matlab.
250 _a1
260 _aNew Delhi
_bSpringer
_c2006
300 _axiv,389
650 _aDigital Systems
999 _c192058
_d192058